000 01051cam a2200337 a 4500
001 4261
003 FISKH
005 20240710155010.0
008 061212r20072000nyu c 000 1 eng
010 _a 2006036685
020 _a9780142408636 (pbk.)
040 _aDLC
_cDLC
_dDLC
_beng
042 _alcac
_apcc
050 0 0 _aPZ7.A54385
082 _a305.5
100 1 _aAnderson, Laurie Halse.
245 1 0 _aHomeless /
_cLaurie Halse Anderson.
260 _aNew York :
_bPuffin Books,
_c2007.
300 _a132 pages ;
_c20 cm.
490 0 _aVet volunteers ;
_vBook 2
505 _aO
520 _aSunita and her fellow volunteers at the Wild at Heart veterinary clinic become involved in efforts to save a bunch of feral and abandoned cats with the help of Dr. Mac.
521 _a630
_bLexile
521 _aO
_bRaz-Plus
650 1 _aCats
_vFiction.
650 1 _aVeterinarians
_vFiction.
650 1 _aAnimal rescue
_vFiction.
906 _a7
_bcbc
_corignew
_d1
_eecip
_f20
_gy-gencatlg
942 _2ddc
_cBK
_n0
999 _c4261
_d4261